Business intelligence in Microsoft SharePoint 2013 / (Record no. 20378)
[ view plain ]
| 000 -LEADER | |
|---|---|
| fixed length control field | 00851cam a22002535a 4500 |
| 001 - CONTROL NUMBER | |
| control field | 17996426 |
| 005 - DATE AND TIME OF LATEST TRANSACTION | |
| control field | 20201128021440.0 |
| 008 - FIXED-LENGTH DATA ELEMENTS--GENERAL INFORMATION | |
| fixed length control field | 140113t2013 caua fr 001 0 eng d |
| 020 ## - INTERNATIONAL STANDARD BOOK NUMBER | |
| International Standard Book Number | 0735675430 (pbk.) |
| 020 ## - INTERNATIONAL STANDARD BOOK NUMBER | |
| International Standard Book Number | 9780735675438 (pbk.) |
| 040 ## - CATALOGING SOURCE | |
| Original cataloging agency | DLC |
| Transcribing agency | DLC |
| Language of cataloging | eng |
| Modifying agency | EG-ScBUE |
| 082 04 - DEWEY DECIMAL CLASSIFICATION NUMBER | |
| Edition number | 22 |
| Classification number | 658.472028553 |
| Item number | BUS |
| 245 00 - TITLE STATEMENT | |
| Title | Business intelligence in Microsoft SharePoint 2013 / |
| Statement of responsibility, etc | Norman P. Warren ... [et. al] |
| 260 ## - PUBLICATION, DISTRIBUTION, ETC. (IMPRINT) | |
| Place of publication, distribution, etc | Sebastopol : |
| Name of publisher, distributor, etc | Microsoft Corporation, |
| Date of publication, distribution, etc | c.2013. |
| 300 ## - PHYSICAL DESCRIPTION | |
| Extent | xxvi, 376 p. : |
| Dimensions | ill. ; |
| Other physical details | 23 cm. |
| 500 ## - GENERAL NOTE | |
| General note | Index : p. 361-376. |
| 650 #7 - SUBJECT ADDED ENTRY--TOPICAL TERM | |
| Source of heading or term | BUEsh |
| Topical term or geographic name as entry element | Business intelligence. |
| 9 (RLIN) | 3881 |
| 650 #7 - SUBJECT ADDED ENTRY--TOPICAL TERM | |
| Source of heading or term | BUEsh |
| Topical term or geographic name as entry element | Intranets (Computer networks) |
| 9 (RLIN) | 1651 |
| 650 #7 - SUBJECT ADDED ENTRY--TOPICAL TERM | |
| Source of heading or term | BUEsh |
| Topical term or geographic name as entry element | Business |
| General subdivision | Computer programs. |
| 9 (RLIN) | 26039 |
| 651 ## - SUBJECT ADDED ENTRY--GEOGRAPHIC NAME | |
| Source of heading or term | BUEsh |
| 653 ## - INDEX TERM--UNCONTROLLED | |
| Resource For college | Informatics and Computer Science |
| Arrived date list | July2015 |
| -- | January2016 |
| 700 1# - ADDED ENTRY--PERSONAL NAME | |
| Personal name | Warren, Norm. |
| 9 (RLIN) | 39152 |
| 942 ## - ADDED ENTRY ELEMENTS (KOHA) | |
| Source of classification or shelving scheme | Dewey Decimal Classification |
| Withdrawn status | Lost status | Source of classification or shelving scheme | Damaged status | Not for loan | Koha collection | Home library | Current library | Shelving location | Date acquired | Source of acquisition | Cost, normal purchase price | Serial Enumeration / chronology | Total Checkouts | Full call number | Barcode | Date last seen | Cost, replacement price | Koha item type |
|---|---|---|---|---|---|---|---|---|---|---|---|---|---|---|---|---|---|---|
| Dewey Decimal Classification | Baccah | Central Library | Central Library | First floor | 28/07/2015 | Purchase | 280.00 | 21759 | 658.472028553 BUS | 000030671 | 15/07/2025 | 350.00 | Book - Borrowing |